000 00622nam a2200193Ia 4500
005 20250507130308.0
008 008 250505s9999 xx 000 0 eng d
037 _aSeries Article
040 _aEASL
_beng
_cEASL
041 _aeng
_2eng
084 _qEASL
100 _aSong Jing
_9674274
245 0 _aWomen and self-employment in post-socialist Rural China: Side Job, individual Career or Family Venture
260 _aUK
_bCambridge Cambridge Univesity Press
_c2015
300 _a229-242 Pp.
650 _aChina; China - Women Self- employment
_9755128
942 _cSRA
999 _c1318838
_d1318838